[Event "Donskoj"]
[Site "Donskoj"]
[Date "2010.09.12"]
[Round "13"]
[White "Domogaev, Sergey"]
[Black "Mazun, Alexander"]
[Result "1-0"]
[WhiteElo "2365"]
[BlackElo "2267"]
[PlyCount "121"]
[EventDate "2010.09.04"]
[EventType "tourn"]
[EventRounds "15"]
[EventCountry "RUS"]
[EventCategory "6"]
[SourceTitle "EXT 2011"]
[Source "ChessBase"]
[SourceDate "2010.11.26"]
[SourceVersion "1"]
[SourceVersionDate "2010.11.26"]
[SourceQuality "1"]

1. d4 d5 2. c4 c6 3. Nf3 Nf6 4. e3 a6 5. Bd2 b5 6. cxb5 cxb5 7. a4 bxa4 8. Ne5 e6 9. Nc3 Nbd7 10. Qxa4 Bb7 11. Bd3 Bd6 12. 0-0 0-0 13. f4 Qe7 14. Qc2 Rfc8 15. Ra2 Rc7 16. Rfa1 Ne4 17. Bxa6 Rac8 18. Bxb7 Rxb7 19. Qd3 f5 20. Ra8 Qe8 21. Nxe4 fxe4 22. Qa6 Rxa8 23. Qxa8 Rb8 24. Qc6 Nxe5 25. Qxe8+ Rxe8 26. fxe5 Be7 27. Ra7 Kf8 28. Kf2 h5 29. Ke2 Rb8 30. Bc3 Ke8 31. Kd2 g6 32. Kc2 Kf8 33. b3 Bg5 34. Bd2 Be7 35. Ra4 Rc8+ 36. Kb2 Ke8 37. b4 Kd7 38. Kb3 Rc7 39. Ra8 Rb7 40. h3 Bd8 41. Ra6 Be7 42. Ka4 Rc7 43. b5 Rc2 44. Ra7+ Ke8 45. b6 Rxd2 46. b7 Rb2 47. Ra8+ Kd7 48. b8Q Rxb8 49. Rxb8 Bg5 50. Rb3 Kc6 51. Ka5 h4 52. Rc3+ Kb7 53. Kb5 Bh6 54. Rc6 Bxe3 55. Rxe6 Bxd4 56. Re7+ Kc8 57. Kc6 Kd8 58. Rb7 Bxe5 59. Kxd5 Bg3 60. Kxe4 Bc7 61. Rxc7 1-0

[Event "Donskoj"]
[Site "Donskoj"]
[Date "2010.09.11"]
[Round "11"]
[White "Abbasov, Farid"]
[Black "Mazun, Alexander"]
[Result "1-0"]
[WhiteElo "2540"]
[BlackElo "2267"]
[PlyCount "73"]
[EventDate "2010.09.04"]
[EventType "tourn"]
[EventRounds "15"]
[EventCountry "RUS"]
[EventCategory "6"]
[SourceTitle "EXT 2011"]
[Source "ChessBase"]
[SourceDate "2010.11.26"]
[SourceVersion "1"]
[SourceVersionDate "2010.11.26"]
[SourceQuality "1"]

1. d4 f5 2. g3 Nf6 3. Bg2 g6 4. Nf3 Bg7 5. 0-0 0-0 6. c4 d6 7. b4 a5 8. b5 Nbd7 9. Nbd2 e5 10. dxe5 Ng4 11. Rb1 Ngxe5 12. Nxe5 Nxe5 13. Bd5+ Kh8 14. Nf3 Nxf3+ 15. exf3 Rb8 16. Bd2 b6 17. Re1 Bb7 18. Kg2 Qd7 19. Qc2 Rfe8 20. Rxe8+ Qxe8 21. Re1 Qd7 22. Bg5 Bxd5 23. cxd5 Bf8 24. Re6 Kg8 25. a4 Rc8 26. Bf6 Rb8 27. Qe2 Qf7 28. h4 Qd7 29. Qe3 Qf7 30. Bc3 Rd8 31. h5 Rd7 32. hxg6 hxg6 33. Qg5 Kh7 34. Qh4+ Bh6 35. Bd2 Qg7 36. g4 fxg4 37. fxg4 1-0

[Event "Donskoj"]
[Site "Donskoj"]
[Date "2010.09.11"]
[Round "12"]
[White "Mazun, Alexander"]
[Black "Aghamaliyev, Cemil"]
[Result "0-1"]
[WhiteElo "2267"]
[BlackElo "2499"]
[PlyCount "102"]
[EventDate "2010.09.04"]
[EventType "tourn"]
[EventRounds "15"]
[EventCountry "RUS"]
[EventCategory "6"]
[SourceTitle "EXT 2011"]
[Source "ChessBase"]
[SourceDate "2010.11.26"]
[SourceVersion "1"]
[SourceVersionDate "2010.11.26"]
[SourceQuality "1"]

1. e4 e5 2. Nf3 Nc6 3. Bc4 Nf6 4. d3 Bc5 5. c3 a6 6. 0-0 Ba7 7. Nbd2 d6 8. Bb3 0-0 9. h3 Ne7 10. Re1 Ng6 11. Nf1 Nh5 12. Bg5 Qe8 13. Nh4 Ngf4 14. Nf5 Kh8 15. N1e3 f6 16. Bxf4 Nxf4 17. Nd5 Nxd5 18. Bxd5 g6 19. Nh4 c6 20. Bb3 f5 21. d4 Qd8 22. Nf3 fxe4 23. Rxe4 Bf5 24. Re1 e4 25. Nd2 d5 26. Nf1 Bb8 27. c4 Qg5 28. h4 Qd8 29. cxd5 cxd5 30. g3 Be6 31. Ne3 Rf3 32. Kg2 Qd6 33. Qd2 Ba7 34. Rac1 Raf8 35. Re2 Bd7 36. a4 Be6 37. Ba2 Qb6 38. Rc5 Qd8 39. Rc1 Bb8 40. Kg1 Bxg3 41. fxg3 Rxg3+ 42. Rg2 Qxh4 43. Rxg3 Qxg3+ 44. Ng2 Rf3 45. Qe1 Qg5 46. Rc3 Bh3 47. Qe2 Qf6 48. Bxd5 Qxd4+ 49. Kh2 Qe5+ 50. Kg1 Rxc3 51. bxc3 Qxd5 0-1

[Event "Donskoj"]
[Site "Donskoj"]
[Date "2010.09.10"]
[Round "10"]
[White "Mazun, Alexander"]
[Black "Sukharev, Alexander"]
[Result "1/2-1/2"]
[WhiteElo "2267"]
[BlackElo "2267"]
[PlyCount "153"]
[EventDate "2010.09.04"]
[EventType "tourn"]
[EventRounds "15"]
[EventCountry "RUS"]
[EventCategory "6"]
[SourceTitle "EXT 2011"]
[Source "ChessBase"]
[SourceDate "2010.11.26"]
[SourceVersion "1"]
[SourceVersionDate "2010.11.26"]
[SourceQuality "1"]

1. e4 c5 2. Nf3 d6 3. Bb5+ Bd7 4. Bxd7+ Qxd7 5. 0-0 Nc6 6. c3 Nf6 7. d4 Nxe4 8. d5 Ne5 9. Nxe5 dxe5 10. Re1 Nd6 11. Rxe5 g6 12. Bg5 0-0-0 13. Re1 Nc4 14. Qf3 Qxd5 15. Qg4+ Rd7 16. Na3 Nxa3 17. bxa3 h5 18. Qh4 Qf5 19. Bxe7 Bxe7 20. Rxe7 g5 21. Qe4 Qxe4 22. Rxe4 Rhd8 23. Rae1 b6 24. f4 Rd3 25. fxg5 Rxc3 26. a4 Ra3 27. R1e2 Rd1+ 28. Kf2 Ra1 29. Re8+ Kb7 30. R8e7+ Ka6 31. Rxf7 R3xa2 32. Rf4 Rxa4 33. g3 Rd4 34. Rxd4 cxd4 35. h4 Rc1 36. Kf3 Kb5 37. g6 Rc3+ 38. Kf4 Rc8 39. Rb2+ Ka4 40. Ke4 Rg8 41. Kf5 d3 42. Kf6 Rf8+ 43. Kg7 Rd8 44. Rd2 b5 45. Kf7 Kb4 46. g7 Kc3 47. Rd1 a5 48. g8Q Rxg8 49. Kxg8 b4 50. Rc1+ Kb2 51. Rg1 d2 52. g4 b3 53. gxh5 Kc2 54. h6 b2 55. h7 b1Q 56. Rxb1 Kxb1 57. h8Q d1Q 58. Qh7+ Qc2 59. Qxc2+ Kxc2 60. h5 a4 61. h6 a3 62. h7 a2 63. h8Q Kb1 64. Qh7+ Kb2 65. Qg7+ Kb1 66. Qg6+ Kb2 67. Qf6+ Kb1 68. Qf5+ Kb2 69. Qe5+ Kb1 70. Qe4+ Kb2 71. Qd4+ Kb1 72. Qb4+ Ka1 73. Qa3 Kb1 74. Qb3+ Ka1 75. Qc3+ Kb1 76. Qb3+ Ka1 77. Qc2 1/2-1/2

[Event "Donskoj"]
[Site "Donskoj"]
[Date "2010.09.09"]
[Round "8"]
[White "Mazun, Alexander"]
[Black "Brikov, Illarion"]
[Result "0-1"]
[WhiteElo "2267"]
[BlackElo "2395"]
[PlyCount "54"]
[EventDate "2010.09.04"]
[EventType "tourn"]
[EventRounds "15"]
[EventCountry "RUS"]
[EventCategory "6"]
[SourceTitle "EXT 2011"]
[Source "ChessBase"]
[SourceDate "2010.11.26"]
[SourceVersion "1"]
[SourceVersionDate "2010.11.26"]
[SourceQuality "1"]

1. e4 e5 2. Nf3 Nc6 3. d4 exd4 4. Nxd4 Qf6 5. Be3 Bc5 6. c3 Nge7 7. Bc4 0-0 8. 0-0 Ne5 9. Bb3 d6 10. Nd2 N7g6 11. Qe2 Nf4 12. Bxf4 Qxf4 13. Rae1 Bd7 14. N2f3 Bg4 15. Qe3 Qxe3 16. Rxe3 Nxf3+ 17. gxf3 Bd7 18. Kg2 Rae8 19. Rd1 Re7 20. Red3 Re5 21. Ne2 a5 22. a3 a4 23. Bc2 f5 24. Ng3 fxe4 25. Nxe4 Rxe4 26. fxe4 Rxf2+ 27. Kg3 Rxc2 0-1

[Event "Donskoj"]
[Site "Donskoj"]
[Date "2010.09.04"]
[Round "1"]
[White "Mazun, Alexander"]
[Black "Tishin, Petr"]
[Result "0-1"]
[WhiteElo "2267"]
[BlackElo "2400"]
[PlyCount "82"]
[EventDate "2010.09.04"]
[EventType "tourn"]
[EventRounds "15"]
[EventCountry "RUS"]
[EventCategory "6"]
[SourceTitle "EXT 2011"]
[Source "ChessBase"]
[SourceDate "2010.11.26"]
[SourceVersion "1"]
[SourceVersionDate "2010.11.26"]
[SourceQuality "1"]

1. d4 Nf6 2. c4 g6 3. Nc3 Bg7 4. e4 d6 5. f3 0-0 6. Be3 e5 7. Nge2 c6 8. Qd2 Nbd7 9. d5 cxd5 10. cxd5 a6 11. g4 h5 12. g5 Nh7 13. Rg1 b5 14. 0-0-0 Nb6 15. b3 Bd7 16. Kb2 b4 17. Nb1 a5 18. Rc1 Qb8 19. Bf2 Qa7 20. Qe3 Rfb8 21. Nd2 a4 22. Kc2 Bb5 23. Kd1 Qe7 24. Ng3 axb3 25. axb3 Bxf1 26. Ngxf1 Nf8 27. Qe2 Nfd7 28. Nc4 Nxc4 29. Qxc4 f6 30. gxf6 Qxf6 31. Ke2 Bh6 32. Rc2 Rf8 33. Qd3 Kh7 34. h4 Ra1 35. Rh1 Nc5 36. Bxc5 dxc5 37. Rh2 Rfa8 38. Kf2 Bf4 39. Rh3 Qd6 40. Ng3 Qd7 41. Kg2 Rg1+ 0-1